000 00938nam a22002417i 4500
999 _c23612
_d23612
003 AR-CdUCM
008 260421b20202020mx ||||| |||| 00| 0 spa d
020 _a978-607-538-613-3
040 _aMUNICIPALIDAD PROVINCIAL DEL CUSCO
_cBIBLIOTECA MUNICIPAL DEL CUSCO
041 _hspa
082 _2
_a330.122
_bT73
100 _aTorres, Jordi
_952609
245 _aPython Deep Learnimg :
_bIntroducción practica con Keras y TensorFlow 2 /
260 _aMexico.
_bAlfa Omega Grupo Editor S.A.
_c2020
300 _a384 páginas. :
_c23x17 cm. :
505 _aEntorno de trabajo -- Como se entrena una red neuronal -- Redes neuronales convoluciones -- Etapas de un proyecto Deep learning -- Redes neuronales recurrentes
650 _aDeep learning
_952610
650 _aRedes neuronales
_952063
650 _aparametros e hiperparámetros
_952611
856 _fwww.alfaomega.com.mx
942 _2ddc
_cLIBROS
945 _apbjr
_d21-04-2026